000 01012cam a22002652 4500
001 0000002284
005 20151217151847.0
008 070405s xx 000 0 eng d
020 _a033379253X :
_cKES 10,560
040 _aKABU
_cKABU
050 0 _aHF5548.2
_b.B87
245 1 0 _aBusiness information technology management :
_balternative and adaptive futures /
_cedited by Ray Hackney and Dennis Dunn.
260 _aHoundmills, Basingstoke, Hampshire ;
_aNew York :
_bPalgrave,
_c2000.
300 _axvii, 325 p. :
_bill. ;
_c23 cm.
504 _aIncludes bibliographical references and index.
650 0 _aBusiness
_xCommunication systems.
_@0000151605
650 0 _aBusiness enterprises
_xComputer networks.
_@0000151606
650 0 _aManagement information systems.
_@0000148209
650 0 _aElectronic commerce.
_@0000148142
700 1 _aHackney, Ray.
_@0000151607
700 1 _aDunn, Dennis.
_@0000151608
908 _a070405
950 _@1
999 _c5762
_d5762